[Event "FRG-ch"]
[Site "Menden"]
[Date "1974.??.??"]
[Round "?"]
[White "Rosen, Willy"]
[Black "Giesen, Dieter"]
[Result "1/2-1/2"]
[WhiteElo "2200"]
[BlackElo "2200"]

1.Nf3 d5 2.g3 Nf6 3.Bg2 Bf5 4.O-O e6 5.d3 Be7 6.Nbd2 O-O 7.c4 c6 8.b3 h6
9.Bb2 Qb6 10.h3 a5 11.a3 Rd8 12.Qc2 d4 13.Ne4 c5 14.Rad1 Nc6 15.Bc1 Qc7 16.Ne1 Qd7
17.Kh2 e5 18.Bd2 Re8 19.Nxf6+ Bxf6 20.g4 Bg6 21.Be4 Bxe4 22.dxe4 Bg5 23.Bxg5 hxg5
24.Nd3 b6 25.a4 Nb4 26.Nxb4 axb4 27.Rg1 Re6 28.Rg3 Qe7 29.Rdd3 Rf6 30.Rdf3 Rxf3  1/2-1/2

[Event "FRG-ch"]
[Site "Menden"]
[Date "1974.??.??"]
[Round "?"]
[White "Nehmert, Ulrich"]
[Black "Kuehler, Wolfgang"]
[Result "1-0"]
[WhiteElo "2200"]
[BlackElo "2200"]

1.Nf3 d5 2.g3 c6 3.Bg2 Bg4 4.O-O Nd7 5.d3 e6 6.Nbd2 Bd6 7.e4 Ngf6 8.h3 Bh5
9.Re1 Qc7 10.Qe2 dxe4 11.dxe4 Bc5 12.e5 Nd5 13.c4 N5b6 14.Ne4 Be7 15.Bf4 O-O
16.Rad1 Kh8 17.Nd6 Rad8 18.g4 Bg6 19.h4 h6 20.g5 h5 21.Nh2 Bxd6 22.exd6 Qb8
23.Bf3 e5 24.Bg3 Kg8 25.b3 Rfe8 26.Bxh5 Bxh5 27.Qxh5 Re6 28.Ng4 Rxd6 29.Rxd6 Qxd6
30.Nxe5 Nxe5 31.Rxe5 g6 32.Qe2 Qd1+ 33.Kg2 Qxe2 34.Rxe2 Kf8 35.Be5 Nd7 36.Bc7 Rc8
37.Bd6+ Kg8 38.Re7  1-0

[Event "FRG-ch"]
[Site "Menden"]
[Date "1974.??.??"]
[Round "?"]
[White "Ackermann, Hans Werner"]
[Black "Weise, Dietrich"]
[Result "0-1"]
[WhiteElo "2200"]
[BlackElo "2200"]

1.Nf3 d5 2.g3 g6 3.Bg2 Bg7 4.O-O e5 5.d3 Ne7 6.c4 c6 7.Nc3 O-O 8.Rb1 d4 9.Ne4 f5
10.Nc5 b6 11.Nb3 Nd7 12.Qc2 Qc7 13.c5 Nd5 14.Bd2 N7f6 15.Rfc1 b5 16.Na5 Bd7
17.a4 a6 18.axb5 axb5 19.b4 Rae8 20.Ra1 Ng4 21.Ng5 h6 22.Bxd5+ cxd5 23.c6 Bc8
24.Nh3 f4 25.Kg2 fxg3 26.hxg3 Qf7 27.Rf1 Qf5 28.Ng1 Qxf2+  0-1

[Event "Nice olm prel"]
[Site "Nice"]
[Date "1974.??.??"]
[Round "2"]
[White "Skalkotas, Nikolaos"]
[Black "Frey, Kenneth"]
[Result "0-1"]
[WhiteElo "2250"]
[BlackElo "2275"]

1.Nf3 d5 2.g3 Nf6 3.Bg2 e6 4.O-O Be7 5.d3 O-O 6.Nbd2 c5 7.e4 Nc6 8.Re1 Qc7
9.e5 Ne8 10.Nf1 f5 11.exf6 Bxf6 12.Ne3 Nd6 13.Ng4 Nf7 14.h4 e5 15.Ng5 Bxg5
16.hxg5 Bxg4 17.Qxg4 Nd4 18.Qd1 Rad8 19.c3 Nf5 20.Qb3 Ne7 21.Be3 b6 22.Rad1 Qd7
23.Re2 Qf5 24.Rde1 Qxd3 25.Rd2 Qa6 26.Bxd5 Nxd5 27.Rxd5 c4 28.Qb5 Qxa2 29.Kg2 Rxd5
30.Qxd5 Qxb2 31.Qxc4 Qc2 32.Ra1 a5 33.Bxb6 Qb2 34.Rxa5 Qxb6 35.Rxe5 Qb7+
36.Qd5 Qxd5+ 37.Rxd5 Rc8 38.g6 hxg6 39.Rd3 Ng5 40.Re3 Rc4 41.f3 Kf7 42.Kf2 Ne6
43.Ke2 Nc5 44.Kd2 Kf6 45.Kc2 g5 46.Re8 g4 47.f4 Re4 48.Rc8 Ne6 49.Kd2 Ra4
50.Ke1 Ra2 51.Kf1 Rc2 52.Rc6 Kf5 53.Kg1 Nd8 54.Rc7 g6 55.Rc4 Nf7 56.Rc6 Rd2
57.Kf1 Nd6 58.Rc5+ Ke4 59.Rg5 Kf3 60.Ke1 Ne4  0-1

[Event "Nice olm prel"]
[Site "Nice"]
[Date "1974.??.??"]
[Round "4"]
[White "Pang, Kwok Leong"]
[Black "Hort, Vlastimil"]
[Result "0-1"]
[WhiteElo "2200"]
[BlackElo "2600"]

1.Nf3 d5 2.g3 Nf6 3.Bg2 c6 4.c4 dxc4 5.Na3 b5 6.Ne5 Qc7 7.d4 Bb7 8.O-O e6
9.Nc2 Nbd7 10.Nxd7 Qxd7 11.Bg5 Be7 12.e4 h6 13.Be3 Qc7 14.Qe2 a6 15.f3 c5
16.Qf2 O-O 17.Rad1 Rfd8 18.Kh1 Nd7 19.Rfe1 cxd4 20.Nxd4 Ne5 21.Bf1 Bb4 22.Re2 Nd3
23.Qg1 Rd7 24.Rc2 Ne1 25.Rxe1 Bxe1 26.b3 Rad8 27.Be2 Bb4 28.bxc4 Qe5 29.cxb5 axb5
30.Nc6 Bxc6 31.Rxc6 Qb2 32.Qf1 Qxa2 33.Bb6 Rd2 34.Bxb5 Rxh2+  0-1

[Event "Nice olm fin-A"]
[Site "Nice"]
[Date "1974.??.??"]
[Round "5"]
[White "Pomar Salamanca, Arturo"]
[Black "Hartston, William R"]
[Result "1/2-1/2"]
[WhiteElo "2425"]
[BlackElo "2480"]

1.g3 d5 2.Nf3 Nf6 3.Bg2 c6 4.O-O Bg4 5.Ne5 Be6 6.b3 g6 7.Bb2 Bg7 8.c4 O-O
9.d4 Nbd7 10.Nc3 dxc4 11.Nxc4 Nb6 12.Qd3 Nfd5 13.Nxd5 cxd5 14.Nxb6 Qxb6 15.Rfc1 Bf6  1/2-1/2

[Event "Nice olm fin-B"]
[Site "Nice"]
[Date "1974.??.??"]
[Round "5"]
[White "Jimenez Zerquera, Eleazar"]
[Black "Santos, Luis M"]
[Result "1-0"]
[WhiteElo "2340"]
[BlackElo "2270"]

1.Nf3 d5 2.g3 c6 3.b3 Bg4 4.Bg2 Nd7 5.Bb2 e6 6.O-O Ngf6 7.d3 Be7 8.Nbd2 O-O
9.h3 Bh5 10.e4 Qc7 11.Qe1 Qa5 12.a3 Rfd8 13.e5 Ne8 14.Nh2 b5 15.Kh1 c5 16.g4 Bg6
17.f4 c4 18.f5 c3 19.fxg6 cxb2 20.gxf7+ Kh8 21.fxe8=Q+ Rxe8 22.Ra2 Bb4 23.Nhf3 Bc3
24.Qb1 Rf8 25.Rxb2 Nxe5 26.b4 Qc7 27.Rb3 Ng6 28.Qd1 Qg3 29.Qe2 Rac8 30.d4 h5
31.Nb1 hxg4 32.hxg4 Nf4 33.Qf2 Qxg4 34.Qh4+ Qxh4+ 35.Nxh4 g5 36.Rxf4  1-0

[Event "Nice olm fin-B"]
[Site "Nice"]
[Date "1974.??.??"]
[Round "6"]
[White "Prameshuber, Aleksander"]
[Black "Silva, Fernando"]
[Result "1/2-1/2"]
[WhiteElo "2200"]
[BlackElo "2290"]

1.Nf3 d5 2.g3 c5 3.Bg2 Nf6 4.O-O Nc6 5.d4 e6 6.c4 Be7 7.cxd5 exd5 8.b3 Ne4
9.Bb2 Bf6 10.h3 O-O 11.e3 Re8 12.Nc3 Bf5 13.Rc1 cxd4 14.exd4 Qd7 15.Kh2 Nxc3
16.Bxc3 Be4 17.Re1 Qf5 18.Re3 g5 19.g4 Qf4+ 20.Kg1  1/2-1/2

[Event "Nice olm fin-A"]
[Site "Nice"]
[Date "1974.??.??"]
[Round "6"]
[White "Kirov, Nino"]
[Black "Kuijpers, Franciscus Antonius"]
[Result "1-0"]
[WhiteElo "2465"]
[BlackElo "2420"]

1.Nf3 d5 2.g3 Bg4 3.Bg2 Nd7 4.O-O e6 5.b3 Ngf6 6.Bb2 Be7 7.d3 O-O 8.Nbd2 a5
9.a4 c6 10.h3 Bh5 11.e4 Nc5 12.Qe1 Re8 13.Nd4 Bg6 14.f4 Bf8 15.Kh1 Nfd7 16.N4f3 f6
17.g4 Na6 18.Qe2 Nb4 19.Rac1 Bd6 20.g5 f5 21.Nd4 fxe4 22.dxe4 Nc5 23.Rce1 Qc7
24.Qg4 e5 25.fxe5 Bxe5 26.exd5 Nxc2 27.Nxc2 Bxb2 28.dxc6 Kh8 29.Nd4 bxc6
30.Nxc6 Bd3 31.Qf4 Qxf4 32.Rxe8+ Rxe8 33.Rxf4 Bc1 34.Rf2 g6 35.Nxa5 Ne6 36.h4 Nd4
37.Nac4 Re1+ 38.Kh2 Ne2 39.a5 Rd1 40.a6 Bxd2 41.a7 Ra1 42.a8=Q+ Rxa8 43.Bxa8 Bb4
44.Rf7 Be1 45.Rf3 Nc1 46.Bd5 h5 47.Rf8+ Kh7 48.Ne5 Bf5 49.Rf7+ Kh8 50.Rf8+ Kg7
51.Rf7+ Kh8 52.Rc7 Bd2 53.Nf7+ Kg7 54.Nh6+ Kh8 55.Re7 Bc2 56.Bg8  1-0

[Event "Nice olm prel"]
[Site "Nice"]
[Date "1974.??.??"]
[Round "9"]
[White "Csom, Istvan"]
[Black "Calvo Minguez, Ricardo"]
[Result "1/2-1/2"]
[WhiteElo "2540"]
[BlackElo "2460"]

1.Nf3 d5 2.g3 c6 3.Bg2 Bg4 4.d4 Nd7 5.Nbd2 e6 6.O-O Ngf6 7.b3 Bb4 8.Bb2 Qe7
9.a3 Ba5 10.c4 O-O 11.Rc1 Rac8 12.Re1 b5 13.b4 Bc7 14.c5 h6 15.Qb3 Bf5 16.Ne5 Bb8
17.f3 Bh7 18.a4 a6 19.Ra1 Ne8 20.axb5 axb5 21.e4 dxe4 22.Nxd7 Qxd7 23.fxe4 Nc7
24.Nf3 f6 25.Rad1 Rce8 26.Rd2 Kh8 27.Rf2 Rf7 28.Bc3 Rfe7 29.Qb2 Kg8 30.Rfe2 Rf8
31.Qa2 Kh8 32.Qa1 Rfe8 33.Rd2 Qc8 34.Rde2 Qd7 35.Bh3 Qc8 36.Qb2 Qd7 37.Nd2 f5
38.Nf3 fxe4 39.Ne5 Qd5 40.Bg2 Na6 41.Rxe4 Bxe5 42.Rxe5 Qd7 43.Qa2 Nc7 44.Qa7 Bg8
45.Qb7 Nd5 46.Qxd7 Rxd7 47.Bxd5 cxd5 48.Ra1 Rf8 49.Bd2 Rdf7 50.Ree1 g5 51.Be3 Bh7
52.g4 Bd3 53.Ra2 Kg7 54.Ra3 Bf1 55.Ra2 Bh3 56.Rf2 Bxg4  1/2-1/2

[Event "Nice olm fin-A"]
[Site "Nice"]
[Date "1974.??.??"]
[Round "10"]
[White "Jones, Iolo C"]
[Black "Sosonko, Gennadi"]
[Result "0-1"]
[WhiteElo "2210"]
[BlackElo "2450"]

1.Nf3 d5 2.g3 c5 3.Bg2 g6 4.O-O Bg7 5.d3 Nf6 6.Nbd2 Nc6 7.e4 O-O 8.Re1 d4
9.a4 e5 10.Nc4 Ne8 11.a5 Rb8 12.Nfd2 b5 13.axb6 axb6 14.Nb3 b5 15.Nca5 Nxa5
16.Nxa5 Qc7 17.Bd2 Nd6 18.Nb3 c4 19.Nc1 Qc5 20.b4 Qc7 21.Ne2 f5 22.exf5 gxf5
23.Qc1 Bb7 24.Bxb7 Qxb7 25.Bh6 f4 26.Bxg7 Qxg7 27.Kf1 Nf5 28.gxf4 Nh4 29.Ng3 exf4
30.Ne4 Qg2+ 31.Ke2 Qf3+ 32.Kf1 cxd3 33.cxd3 Qxd3+ 34.Re2 Qh3+ 35.Ke1 Nf3+  0-1

[Event "Oslo CI"]
[Site "Oslo"]
[Date "1974.??.??"]
[Round "5"]
[White "Ogaard, Leif"]
[Black "Kristiansen, Erling"]
[Result "1/2-1/2"]
[WhiteElo "2385"]
[BlackElo "2405"]

1.Nf3 d5 2.g3 Nf6 3.Bg2 e6 4.O-O Be7 5.b3 O-O 6.Bb2 c5 7.c4 d4 8.e3 dxe3
9.dxe3 Nc6 10.Ne5 Nxe5 11.Bxe5 Nd7 12.Bc3 Qc7 13.Nd2 Bf6 14.Qc2 Bxc3 15.Qxc3 Nf6
16.Nf3 Rd8 17.Rfd1 Bd7  1/2-1/2

[Event "Rubinstein mem"]
[Site "Polanica Zdroj"]
[Date "1974.??.??"]
[Round "10"]
[White "Kirov, Nino"]
[Black "Garcia Martinez, Silvino"]
[Result "1/2-1/2"]
[WhiteElo "2465"]
[BlackElo "2400"]

1.Nf3 d5 2.g3 Bg4 3.Bg2 c6 4.b3 Nd7 5.Bb2 Ngf6 6.O-O e6 7.d3 Be7 8.Nbd2 O-O
9.h3 Bh5 10.Qe1 a5 11.a3 Ne8 12.e4 Nc7 13.Nh2 f5 14.f4 Nb5 15.Nhf3 Qb6+ 16.Kh2 Bc5
17.c4 dxe4 18.dxe4 Nd4 19.Nxd4 Bxd4 20.c5 Bxc5 21.exf5 exf5 22.Qe6+  1/2-1/2

[Event "CSR-ch"]
[Site "Rimavska Sobota"]
[Date "1974.??.??"]
[Round "11"]
[White "Neckar, Lubomir"]
[Black "Prandstetter, Eduard"]
[Result "1/2-1/2"]
[WhiteElo "2200"]
[BlackElo "2355"]

1.Nf3 d5 2.g3 Nc6 3.c4 d4 4.Bg2 e5 5.d3 Nf6 6.O-O Be7 7.Na3 O-O 8.Nc2 a5
9.b3 Nd7 10.a3 Bf6 11.Rb1 Nc5 12.Nd2 Be6 13.b4 axb4 14.axb4 Na4 15.Ne4 Be7
16.Bd2 f5 17.Nc5 Bxc5 18.bxc5 e4 19.Rxb7 Nxc5 20.Rb5 Na4 21.dxe4 Bxc4 22.Rxf5 Rxf5
23.exf5 Bd5 24.Bxd5+ Qxd5 25.Bf4 Nc3 26.Qd3 Ra2 27.Re1 Qb3 28.Rc1 Nb4 29.Nxb4 Nxe2+
30.Kg2 Qxd3 31.Nxd3 Nxc1 32.Nxc1 Rc2 33.Kf3 c5 34.Ke4 Kf7 35.h4 c4 36.Kxd4 Rxf2
37.Ke3 Rf1 38.Ne2 Kf6 39.Ke4 Re1 40.Be5+ Kf7 41.Ke3 h5 42.Bc3 Rf1 43.Ke4 Rf2
44.Nf4 Rc2 45.Kd4 Kf6 46.Nxh5+ Kxf5 47.Nxg7+ Kg4 48.h5  1/2-1/2

[Event "CSR-ch"]
[Site "Rimavska Sobota"]
[Date "1974.??.??"]
[Round "13"]
[White "Neckar, Lubomir"]
[Black "Pribyl, Josef"]
[Result "1/2-1/2"]
[WhiteElo "2200"]
[BlackElo "2455"]

1.Nf3 d5 2.g3 c5 3.Bg2 Nf6 4.O-O Nc6 5.d4 e6 6.c4 Be7 7.cxd5 exd5 8.Nc3 O-O
9.Be3 Bg4 10.h3 Bxf3  1/2-1/2

[Event "SWE-ch"]
[Site "?"]
[Date "1974.??.??"]
[Round "10"]
[White "Ljungqvist, Lennart"]
[Black "Nordstrom, Felix"]
[Result "0-1"]
[WhiteElo "2250"]
[BlackElo "2325"]

1.Nf3 d5 2.g3 Nf6 3.Bg2 Bf5 4.d3 e6 5.Nbd2 Be7 6.O-O h6 7.Qe1 O-O 8.h3 Bh7
9.Nh2 c5 10.e4 Nc6 11.e5 Nd7 12.f4 c4 13.f5 cxd3 14.fxe6 fxe6 15.c3 Ndxe5
16.Kh1 Qd7 17.Ndf3 Nxf3 18.Bxf3 e5 19.Bg4 Rxf1+ 20.Qxf1 Qd6 21.Be3 Rf8 22.Qd1 Be4+
23.Kg1 d4 24.cxd4 Nxd4 25.Rc1 Nc2  0-1

[Event "URS Cup"]
[Site "Tbilisi"]
[Date "1974.??.??"]
[Round "?"]
[White "Vaisman, Alexander N"]
[Black "Bronstein, David I"]
[Result "1/2-1/2"]
[WhiteElo "2200"]
[BlackElo "2595"]

1.Nf3 d5 2.g3 Nc6 3.d4 Bf5 4.Bg2 e6 5.O-O Nf6 6.c4 Be7 7.cxd5 exd5 8.Nc3 O-O
9.Ne5 Ne4 10.Nxc6 bxc6 11.Nxe4 Bxe4 12.Qa4 Bxg2 13.Kxg2 c5 14.dxc5 Bxc5 15.Rd1 Bb6
16.Qc6 Qe7 17.Qxd5 Qxe2 18.Qf3 Rae8 19.b3 Re6 20.Qxe2 Rxe2 21.Rd2 Rfe8 22.Kf3 R2e5
23.Bb2 Rf5+ 24.Kg2 h5 25.Rad1 a5 26.a4 Kh7 27.Rc2 Re6 28.h4 f6 29.Rd3 g5
30.hxg5 fxg5 31.Rd7+ Kg6 32.Bd4 Rf7 33.Rxf7 Kxf7 34.Bxb6 cxb6  1/2-1/2

[Event "URS Cup"]
[Site "Tbilisi"]
[Date "1974.??.??"]
[Round "?"]
[White "Anikaev, Yuri N"]
[Black "Zakharov, Alexander V"]
[Result "1/2-1/2"]
[WhiteElo "2455"]
[BlackElo "2200"]

1.Nf3 d5 2.g3 g6 3.Bg2 Bg7 4.O-O Nc6 5.c4 d4 6.d3 a5 7.Na3 Nf6 8.Nc2 O-O
9.b3 e5 10.Bg5 h6 11.Bxf6 Qxf6 12.a3 Qe7 13.Rb1 Nd8 14.b4 Ne6 15.c5 axb4
16.axb4 Ng5 17.Nxg5 Qxg5 18.Ra1 Rxa1 19.Nxa1 h5 20.Nb3 h4 21.Na5 hxg3 22.hxg3 b6
23.cxb6 cxb6 24.Nc4 b5 25.Na3 Bg4 26.Nxb5 Rb8 27.Nd6 Qe7 28.Ne4 Qxb4 29.Bf3 Bh3
30.Re1 Be6 31.Kg2 f5 32.Ng5 Bb3 33.Qc1 Qc3 34.Qb1 Bh6 35.Rc1 Bxg5 36.Rxc3 dxc3
37.Qxb3+ Rxb3 38.Bd5+ Kf8 39.Bxb3 Ke7 40.Kf1 Bd2 41.e3 Kd6 42.Ke2 Kc5 43.Kd1 Kb4
44.Bf7 g5  1/2-1/2

[Event "Vejle op"]
[Site "Vejle"]
[Date "1974.??.??"]
[Round "8"]
[White "Hansen, Ja"]
[Black "From, Sigfred"]
[Result "1-0"]
[WhiteElo "2200"]
[BlackElo "2200"]

1.g3 d5 2.Nf3 c5 3.Bg2 Nc6 4.O-O e5 5.d3 Bd6 6.e4 d4 7.a4 Nge7 8.Nh4 Be6
9.Na3 f6 10.f4 Qd7 11.f5 Bf7 12.Bf3 O-O-O 13.Bh5 g6 14.fxg6 hxg6 15.Rxf6 Rxh5
16.Rxf7 Qe6 17.Qf3 Rdh8 18.Rf8+ Rxf8 19.Qxf8+ Kd7 20.Qf3 Ng8 21.Qg2 Be7 22.Nf3 Nh6
23.Bxh6 Rxh6 24.Nc4 Bd8 25.g4 Rh8 26.Qg3 Re8 27.Kg2 b6 28.g5 a6 29.Qh3 Qxh3+
30.Kxh3 b5 31.axb5 axb5 32.Na3 Nb4 33.Kg4 Kc6 34.Rb1 Kb6 35.Nh4 Rh8 36.h3 Rh5
37.Nf3 c4 38.dxc4 d3 39.c3 Na6 40.h4 Nc5 41.Nxe5 d2 42.cxb5 Nxe4 43.Nac4+ Kxb5
44.Nxd2 Nxd2 45.Rd1 Bxg5 46.Nxg6 Rh7 47.hxg5 Nc4 48.Rb1  1-0

[Event "Zetters"]
[Site "Birmingham"]
[Date "1975.03.27"]
[Round "1"]
[White "Matera, Salvatore"]
[Black "Nunn, John DM"]
[Result "1-0"]
[WhiteElo "2385"]
[BlackElo "2375"]

1.Nf3 d5 2.g3 c5 3.Bg2 Nc6 4.O-O Nf6 5.d3 e6 6.Nbd2 Be7 7.e4 O-O 8.e5 Nd7
9.Qe2 Qc7 10.Re1 f6 11.exf6 Nxf6 12.Nb3 Bd6 13.c4 Bd7 14.Be3 b6 15.Rac1 Rae8
16.d4 Ne4 17.Qd1 dxc4 18.dxc5 Nxc5 19.Nxc5 bxc5 20.Rxc4 Na5 21.Rh4 Be7 22.Ng5 h6
23.Be4 Bxg5 24.Bxg5 hxg5 25.Rh8+ Kf7 26.Qh5+ Ke7 27.Qxg5+ Rf6 28.Qxg7+ Rf7
29.Qg5+ Rf6 30.Rh7+  1-0

[Event "Zetters"]
[Site "Birmingham"]
[Date "1975.04.08"]
[Round "11"]
[White "Damjanovic, Mato"]
[Black "Haag, Ervin"]
[Result "1/2-1/2"]
[WhiteElo "2455"]
[BlackElo "2430"]

1.Nf3 d5 2.g3 c5 3.Bg2 Nc6 4.d3 g6 5.Nbd2 Bg7 6.O-O Nf6 7.c3 O-O 8.Qc2 Qc7
9.e4 Rd8 10.Re1 dxe4 11.dxe4 Nd7 12.Bf1 Rb8 13.a4 a6 14.Nc4 b5 15.axb5 axb5
16.Ne3 Nde5 17.Nxe5 Nxe5 18.Be2 e6 19.Ng2 c4 20.Bf4 Bb7 21.Nh4 Ra8 22.Rxa8 Bxa8
23.Nf3 Nxf3+ 24.Bxf3 Be5 25.Bxe5 Qxe5 26.Re3 Bc6 27.h4 h5 28.Kg2 Kg7 29.Qe2 Rd7
30.Kh2 Ra7 31.Bg2 Qc5 32.Qe1 e5 33.Re2 Rd7 34.Rd2 Kf8 35.Rxd7 Bxd7 36.Qd2 Be6
37.Bf3 Ke7 38.Kg2 Bd7 39.Qg5+ Ke8 40.Qf6 Be6 41.Qh8+ Ke7 42.Qb8 Kf6 43.Be2 Kg7
44.Bd1 Kh7  1/2-1/2

[Event "CSR-ch"]
[Site "Brno"]
[Date "1975.??.??"]
[Round "13"]
[White "Schmidt, Wlodzimierz"]
[Black "Hort, Vlastimil"]
[Result "1/2-1/2"]
[WhiteElo "2465"]
[BlackElo "2600"]

1.Nf3 d5 2.g3 c5 3.Bg2 Nf6 4.O-O g6 5.d4 cxd4 6.Nxd4 Bg7 7.c4 O-O 8.cxd5 Nxd5
9.Nc3 Nb6 10.e3 N8d7 11.b3 Ne5  1/2-1/2

[Event "Club Argentino"]
[Site "Buenos Aires"]
[Date "1975.??.??"]
[Round "9"]
[White "Sanguineti, Raul"]
[Black "Cuasnicu, Oscar"]
[Result "1/2-1/2"]
[WhiteElo "2530"]
[BlackElo "2410"]

1.Nf3 d5 2.g3 Nf6 3.Bg2 e6 4.O-O Be7 5.c4 O-O 6.b3 b6 7.Bb2 Bb7 8.e3 Nbd7
9.Nc3 Ne4 10.Qc2 Bf6 11.Rfd1 Nxc3 12.Bxc3 Bxc3 13.dxc3 Qe7 14.cxd5 exd5 15.c4 Nf6
16.Nd4 Rad8 17.cxd5 Bxd5 18.Bxd5 Rxd5 19.Nc6 Rxd1+ 20.Rxd1 Qe6 21.Nxa7 Qh3
22.Qe2 c5 23.Nb5 h5 24.f3 Qe6 25.e4 Qe5 26.Na3 h4 27.Nc4 Qg5 28.g4 b5 29.Ne3 Ra8
30.Kh1 h3 31.Nf5 Qf4 32.Qf1 g6 33.Ne7+ Kg7 34.Qxh3 Rxa2 35.Qg3 Qxg3 36.hxg3 Nh7  1/2-1/2

[Event "ARG-ch"]
[Site "Buenos Aires"]
[Date "1975.??.??"]
[Round "11"]
[White "Garcia, Raimundo"]
[Black "Casas, Ernesto"]
[Result "1/2-1/2"]
[WhiteElo "2455"]
[BlackElo "2360"]

1.Nf3 d5 2.g3 g6 3.Bg2 Bg7 4.O-O e5 5.d3 Ne7 6.Nbd2 O-O 7.e4 c6 8.Re1 d4
9.b4 Qc7 10.Bb2 a5 11.a3 axb4 12.axb4 Rxa1 13.Qxa1 Na6 14.c3 Rd8 15.Bf1 Bg4
16.h3 Bxf3 17.Nxf3 Qb6 18.Rc1 Nc7 19.cxd4 Ra8 20.Qb1 exd4 21.Rc4 Nb5 22.e5 Nd5
23.Bxd4 Nxd4 24.Rxd4 Ra4 25.Qb3 Rxb4 26.Rxb4 Qxb4 27.Qxb4 Nxb4 28.d4 c5 29.dxc5 Nc6
30.e6 fxe6 31.Bc4 Bf8 32.Bxe6+ Kg7 33.Bc8 Nd8 34.Ng5  1/2-1/2

[Event "URS-ch otbor"]
[Site "Cheliabinsk"]
[Date "1975.??.??"]
[Round "?"]
[White "Godes, Dmitry R"]
[Black "Sveshnikov, Evgeny"]
[Result "1-0"]
[WhiteElo "2385"]
[BlackElo "2480"]

1.g3 d5 2.Nf3 g6 3.Bg2 Bg7 4.O-O e5 5.d3 Ne7 6.e4 O-O 7.Nc3 d4 8.Ne2 c5 9.c4 dxc3
10.bxc3 Nbc6 11.c4 Bg4 12.h3 Be6 13.Nc3 Qd7 14.Kh2 h6 15.Nd5 Kh7 16.Bb2 Rad8
17.Qe2 Rde8 18.Bc3 f5 19.exf5 Bxf5 20.Nh4 Nxd5 21.cxd5 Nd4 22.Bxd4 exd4 23.Qd1 b5
24.Rc1 Qd6 25.Nxf5 gxf5 26.Qh5 Re5 27.Rfe1 Rxe1 28.Rxe1 c4 29.Re6 Qd7 30.Qg6+ Kh8
31.d6 Qf7 32.Qxf7 Rxf7 33.Bc6 cxd3 34.Re8+ Bf8 35.Bd5 d2 36.Bxf7 d1=Q 37.d7 Qc2
38.Bd5 f4 39.d8=Q Qxf2+ 40.Bg2 fxg3+ 41.Kh1 Kg7 42.Qd7+ Kg8 43.Qd5+ Kg7 44.Qe5+ Kg8
45.Bd5+ Kh7 46.Be4+ Kg8 47.Qe6+ Qf7 48.Qxf7+ Kxf7 49.Rd8  1-0

[Event "URS-ch otbor"]
[Site "Cheliabinsk"]
[Date "1975.??.??"]
[Round "?"]
[White "Rashkovsky, Nukhim N"]
[Black "Panchenko, Alexander N"]
[Result "1/2-1/2"]
[WhiteElo "2515"]
[BlackElo "2435"]

1.Nf3 d5 2.g3 Nf6 3.Bg2 e6 4.O-O Be7 5.c4 O-O 6.d4 c5 7.cxd5 exd5 8.Nc3 Nc6
9.dxc5 d4 10.Na4 Bf5 11.Bf4 Be4 12.Rc1 Qd5 13.Qb3 Qh5 14.Nd2 Bxg2 15.Kxg2 Qxe2
16.Qxb7 Rac8 17.Rfe1 Qh5 18.Nf3 Nd5 19.Bd6 Bxd6 20.cxd6 Nf4+ 21.gxf4 Qg4+
22.Kf1 Qxf3 23.d7 d3 24.Kg1 Qg4+ 25.Kf1 Rc7 26.Qxc7 Nd4 27.Re3 d2  1/2-1/2

[Event "URS-ch otbor"]
[Site "Cheliabinsk"]
[Date "1975.??.??"]
[Round "?"]
[White "Tseitlin, Mark D"]
[Black "Sveshnikov, Evgeny"]
[Result "1-0"]
[WhiteElo "2200"]
[BlackElo "2480"]

1.Nf3 d5 2.g3 c6 3.Bg2 Nf6 4.c4 dxc4 5.Na3 b5 6.Ne5 Qc7 7.d4 Bb7 8.O-O e6
9.b3 c3 10.Qd3 Nbd7 11.Nxd7 Qxd7 12.Nc2 b4 13.a3 c5 14.Bxb7 Qxb7 15.Be3 Rd8
16.axb4 cxb4 17.Ra5 Bd6 18.Rfa1 O-O 19.Rxa7 Qd5 20.R1a5 Qe4 21.Qxe4 Nxe4
22.Ra1 Rc8 23.Rd7 Rfd8 24.Rxd8+ Rxd8 25.Kf1 e5 26.dxe5 Bc5 27.Bxc5 Nxc5 28.Nxb4 Nxb3
29.Ra3 Nd2+ 30.Ke1 Rc8 31.Kd1 Ne4 32.f3 c2+ 33.Nxc2 Nc3+ 34.Ke1 Nxe2 35.Kd2 h5
36.Re3 Ng1 37.f4 Nh3 38.Nd4 Rd8 39.Kc3 Rc8+ 40.Kb4 g6 41.Re2 Rc1 42.Nb5 h4
43.Nd6 Rf1 44.Ra2 g5 45.f5 hxg3 46.hxg3 Re1 47.Ra8+ Kg7 48.f6+ Kg6 49.Rg8+ Kh5
50.Nxf7  1-0

[Event "URS-ch otbor"]
[Site "Cheliabinsk"]
[Date "1975.??.??"]
[Round "?"]
[White "Zilberstein, Valery I"]
[Black "Sveshnikov, Evgeny"]
[Result "0-1"]
[WhiteElo "2470"]
[BlackElo "2480"]

1.Nf3 d5 2.g3 Nf6 3.Bg2 c6 4.c4 dxc4 5.Na3 b5 6.Ne5 Nd5 7.d3 cxd3 8.Qxd3 e6
9.e4 Qa5+ 10.Bd2 Nb4 11.Qb3 f6 12.Ng4 e5 13.Ne3 Qa4 14.Qxa4 bxa4 15.O-O Be6
16.Nac4 Nd7 17.Rfc1 Rb8 18.Bf1 Nc5 19.f3 Be7 20.Rd1 Kf7 21.Bc3 Rhd8 22.Rxd8 Bxd8
23.a3 Nd5 24.exd5 cxd5 25.Bb4 Nb3 26.Nd6+ Kg8 27.Rd1 Bb6 28.Kf2 a5 29.Be1 Nd4
30.Bc3 Nc2 31.Bd2 Bc5 32.Nb5 Nxe3 33.Bxe3 d4 34.Bc1 d3+ 35.Be3 Bxe3+ 36.Kxe3 Rxb5
37.Rd2 Bc4 38.Bxd3 Bxd3 39.Kxd3 Rd5+ 40.Ke3 Rxd2 41.Kxd2 Kf7 42.Kc3 Ke6 43.Kc4 f5  0-1

[Event "HUN-ch"]
[Site "?"]
[Date "1975.??.??"]
[Round "?"]
[White "Flesch, Janos"]
[Black "Perecz, Laszlo"]
[Result "1-0"]
[WhiteElo "2385"]
[BlackElo "2200"]

1.Nf3 d5 2.g3 Nf6 3.Bg2 Bf5 4.c4 c6 5.cxd5 cxd5 6.Qb3 Qc8 7.Nc3 e6 8.d3 Nc6
9.Bf4 Bb4 10.Rc1 O-O 11.O-O Qd7 12.Ne5 Nxe5 13.Bxe5 Bd6 14.Bxd6 Qxd6 15.e4 dxe4
16.dxe4 Bg6 17.Rfd1 Qe5 18.Qb4 a5 19.Qd4 Qxd4 20.Rxd4 Rfd8 21.Rcd1 Rxd4 22.Rxd4 e5
23.Rd2 b5 24.f3 b4 25.Na4 Kf8 26.Nb6 Ra7 27.Nc4 Nd7 28.Bh3 f5 29.Bxf5 Bf7
30.Nd6 Nb6 31.Nxf7 Kxf7 32.Bxh7 g6 33.Bxg6+  1-0

[Event "NLD-ch Leeuwarden"]
[Site "Leeuwarden"]
[Date "1975.??.??"]
[Round "7"]
[White "Hartoch, Robert G"]
[Black "Schouten, Nico"]
[Result "1/2-1/2"]
[WhiteElo "2375"]
[BlackElo "2200"]

1.g3 d5 2.Nf3 Nf6 3.Bg2 c6 4.O-O g6 5.d3 Bg7 6.Nbd2 O-O 7.e4 Re8 8.Qe2 e5
9.b4 a5 10.bxa5 Rxa5 11.Bb2 b6 12.Rfe1 Ba6 13.c4 Nbd7 14.Bc3 dxc4 15.Nxc4 Ra4
16.Qc2 Nc5 17.Nfxe5 Bxc4 18.dxc4 Nh5 19.Nxc6 Qd3 20.Rac1 Qxc2 21.Rxc2 Rxc4
22.e5 Nd3 23.Re3 Nxe5 24.Kf1 Re6 25.Nxe5 Rxe5 26.Bxe5 Rxc2 27.a4 Bxe5 28.Rxe5 Nf6
29.Rb5 Nd7 30.Rb4 Rc5 31.Ke2 Kf8 32.Be4 Ke7 33.f4 Kd6 34.Bd3 Kc7 35.Bc4 f5
36.Bd3 Nf6  1/2-1/2

[Event "DSV-Turnier"]
[Site "Leipzig"]
[Date "1975.??.??"]
[Round "1"]
[White "Boensch, Uwe"]
[Black "Farago, Ivan"]
[Result "0-1"]
[WhiteElo "2365"]
[BlackElo "2460"]

1.Nf3 d5 2.g3 c6 3.Bg2 Bg4 4.O-O Nd7 5.d3 e6 6.Nbd2 Bd6 7.b3 Ne7 8.Bb2 O-O
9.c4 a5 10.Qc2 a4 11.e4 Qa5 12.Rfe1 b5 13.Rac1 Bb4 14.Bc3 Bxc3 15.Qxc3 Qxc3
16.Rxc3 Bxf3 17.Nxf3 b4 18.Rc2 axb3 19.axb3 dxe4 20.dxe4 Nc5 21.Rd1 Rfd8
22.Rxd8+ Rxd8 23.Rd2 Ra8 24.Ne1 Nxb3 25.Rb2 Ra1 26.Kf1 Nd4 27.f4 c5 28.Kf2 Nec6
29.Nd3 b3 30.e5 Na5 31.Nxc5 Ra2  0-1

[Event "Portoroz/Ljubljana"]
[Site "Ljubljana"]
[Date "1975.??.??"]
[Round "12"]
[White "Garcia Martinez, Silvino"]
[Black "Osterman, Rudolf"]
[Result "1/2-1/2"]
[WhiteElo "2445"]
[BlackElo "2300"]

1.Nf3 d5 2.g3 Nf6 3.Bg2 g6 4.O-O Bg7 5.d4 O-O 6.c4 c6 7.b3 Bf5 8.Bb2 a5 9.Nc3 Ne4
10.Rc1 Nxc3 11.Bxc3 Be4 12.Bh3 Bxf3 13.exf3 e6 14.f4 Nd7 15.Bg2 a4 16.Qc2 axb3
17.axb3 Qb6 18.c5 Qc7 19.Ra1 b6 20.b4 Qb7 21.Rfb1 b5 22.Bf1 h5 23.Bd3 Nf6
24.h3 Qc7 25.Qe2 h4 26.Kg2 Bh6 27.Bd2 Kg7 28.Qe5 Qxe5 29.dxe5 Nd7 30.Bc1 hxg3
31.fxg3 Kg8 32.h4 Rfb8 33.g4 Bg7 34.Bb2 Kf8 35.g5 Ke7 36.Bd4 Kd8 37.Be2 Nf8
38.Kg3 Ke8 39.Kg4 Ke7 40.Bd3 Nd7 41.Bc2 Rh8 42.Rh1 Rhb8 43.Bd3 Nf8 44.Rxa8 Rxa8
45.Ra1 Rxa1 46.Bxa1 Kd7 47.h5 Ke7 48.Bd4 Kd7 49.h6 Bh8 50.Kf3 Ke7 51.Ke3 Kd7  1/2-1/2

[Event "FRG-ch International"]
[Site "Mannheim"]
[Date "1975.??.??"]
[Round "6"]
[White "Ostermeyer, Peter"]
[Black "Pachman, Ludek"]
[Result "0-1"]
[WhiteElo "2200"]
[BlackElo "2510"]

1.Nf3 d5 2.g3 c6 3.Bg2 Bg4 4.c4 e6 5.cxd5 exd5 6.Qb3 Qb6 7.Qxb6 axb6 8.O-O Nf6
9.d3 Be7 10.Bf4 Nbd7 11.Nc3 b5 12.a3 Nc5 13.Ne5 Be6 14.e4 dxe4 15.dxe4 O-O
16.Rad1 Bb3 17.Rd2 Rfd8 18.Re1 Ne6 19.Rxd8+ Rxd8 20.Be3 b4 21.axb4 Bxb4 22.f4 Nc5
23.Rc1 Nd3 24.Bb6 Bc5+  0-1

[Event "NOR-ch"]
[Site "?"]
[Date "1975.??.??"]
[Round "5"]
[White "Sande, Oystein"]
[Black "Ulrichsen, Jarl Henning"]
[Result "1-0"]
[WhiteElo "2365"]
[BlackElo "2350"]

1.Nf3 d5 2.g3 c5 3.Bg2 Nf6 4.O-O Nc6 5.d3 Bg4 6.h3 Bd7 7.Re1 e5 8.e4 d4 9.a4 a6
10.Nbd2 b5 11.axb5 axb5 12.Rxa8 Qxa8 13.c4 b4 14.Nxe5 Nxe5 15.f4 Bd6 16.fxe5 Bxe5
17.Nf3 Bxg3 18.e5 Nh5 19.e6 fxe6 20.Ne5 Qa1 21.Qxh5+ g6 22.Nxg6 Bxe1 23.Nxh8+ Kd8
24.Qg5+ Ke8 25.Qg8+ Ke7 26.Bg5+  1-0